Capitales dans leur langue maternelle - Statistiques

Statistiques générales
  • Ce quiz a été pris 158 fois
  • Le résultat moyen est 15 sur 21
Statistiques - réponses
Nom natif Français % Correct
Roma Rome
100%
Athinai Athènes
96%
Beograd Belgrade
96%
București Bucarest
93%
Moskva Moscou
91%
Nava Dehalī New Delhi
90%
Bayrūt Beyrouth
88%
Hà Nội Hanoi
86%
Praha Prague
86%
Prishtinë Pristina
86%
Wien Vienne
86%
Ar-Riyāḍ Riyad
84%
København Copenhague
81%
Pot Mosbi Port Moresby
62%
Pòtoprens Port-au-Prince
47%
Dimashq / Ash-Sham Damas
43%
Lefkosia Nicosie
36%
Kaapstad Le Cap
33%
Krung Thep Bangkok
30%
Baile Átha Cliath Dublin
28%
Errbaṭ Rabat
27%
Aucun quiz correspondant
Distribution des résultats
% des personnes avec chaque résultat
Percentile par nombre de réponses
Votre historique - résultats
Vous n’avez pas pris ce quiz